| 000 | 00382nam a2200145 4500 | ||
|---|---|---|---|
| 001 | 113440 | ||
| 003 | ES-MaACL | ||
| 005 | 20230906185908.0 | ||
| 007 | t| | ||
| 008 | 061121s1916 pn r ||||1| spa d | ||
| 100 | 1 |
_aPalacios, Julio J. _988409 |
|
| 245 | 1 | 0 |
_aElla y yo / _cJulio J. Palacios. |
| 260 |
_aPanamá : _b[s. n.], _c1916 ( _fTip. Moderna) |
||
| 852 |
_aES-MaACL _j1561-F-15 |
||
| 999 |
_c113440 _d113440 |
||